Statistics for Top 20 Words Starting With AR

Click here to take the quiz!

General Stats

  • This quiz has been taken 214 times
  • The average score is 11 of 20

Answer Stats

ranklettersword% Correct
13are
96%
43art
96%
53arm
94%
194arch
79%
64army
63%
36around
63%
205arrow
60%
136artist
60%
96arrive
59%
24area
56%
85argue
56%
156arrest
53%
147arrange
51%
115arise
47%
78argument
43%
1211arrangement
37%
167arrival
32%
189architect
24%
107article
22%
1712architecture
19%

Score Distribution

Percentile by Number Answered

Percent of People with Each Score

Your Score History

You have not taken this quiz